000 01590cam a22001814a 4500
005 20250605164343.0
008 250528s ||||||||||||||||||||||||d
035 _a23732
040 _aGR-AtMCL
_bgre
_dGR-AtMCL
_eAACR2
245 1 _aΧρηματοδότηση Μικρομεσαίων Επιχειρήσεων στη Χώρα μας και Οικονομική Παραβατικότητα.
260 _c2008
300 _a57
520 _aΠρόλογος, Θεωρία Χρηματοδότησης, Κατηγορίες και Κριτήρια Χρηματοδοτήσεων, Κανόνες Κριτήρια Χρηματοδότησης, Γενικά Ειδικά Κριτήρια, Κριτήρια Μορφών Χρηματοδότησης, Με κριτήριο τη Ρευστότητα Ασφάλειες τον Κλάδο Δραστηριότητασ, Επιτόκια Οικονομική Παραβατικότητα, Το Νομικό Πλαίσιο, Μικρές και Μεσαίες Επιχειρήσης, Ορισμός, Χαρακτηριστηκά και Ιδιαιτερότητες, Πλεονεκτήματα, Μειονεκτήματα, Σπουδαιότητα των ΜΜΕ, Τα αίτια αποτυχίας των ΜΜΕ, Διαφορές ΜΜΕ με Μεγάλες Επιχειρήσεις, Εμπερική Έρευνα, Τράπεζες, Ερωτηματολόγιο, Συμπεράσματα και Προτάσεις, Βιβλιογράφια.
700 1 _aΒασιλείου Λουκά
_99278
942 _cDS
999 _c8681
_d8681